00000000nam 2200000za 4500
0019.675547
003CaOODSP
00520250110093604
007cr |||||||||||
008150407|2011||||xxc|||||o    f|0| 0 jpn d
040 |aCaOODSP|beng
043 |an-cn---
0861 |aA15-11511/2011Jpn-PDF|zA15-11511/2011J-PDF
1101 |aCanada. |bAgriculture and Agri-Food Canada.
24510|a[Canadian beef : |h[electronic resource]|bnaturally the best].
250 |a[Japanese edition].
260 |aOttawa - Ontario : |bAgriculture and Agri-Food Canada |cc2011.
300 |a2p.|bphotographs
500 |aIssued also in English under title: Canadian beef: naturally the best.
546 |aText in Japanese.
590 |a11-42|b2011-10-21
69007|aAgri-food industry|2gcpds
77508|tCanadian beef : |w(CaOODSP)9.695107
792 |t[Le boeuf canadien : |efre|w(CaOODSP)9.675548
85640|ahttp://publications.gc.ca|qPDF|s445 KB|uhttps://publications.gc.ca/collections/collection_2011/agr/A15-11511-2011-jpn.pdf
986 |aAAFC No. 11511J